Geo-statistical modelling and assessment of soil fertility status of rubber plantations in a tropical region of Kerala (Record no. 49498)

MARC details
000 -LEADER
fixed length control field 00752nam a2200217Ia 4500
100 ## - MAIN ENTRY--AUTHOR NAME
Personal name Pradeep B
245 #0 - TITLE STATEMENT
Title Geo-statistical modelling and assessment of soil fertility status of rubber plantations in a tropical region of Kerala
260 ## - PUBLICATION, DISTRIBUTION, ETC. (IMPRINT)
Name of publisher 38th Asian Conference on Remote Sensing (ACRS), Space Applications: Touching Human Lives, 23-27 October 2017, Asian Association on Remote Sensing, New Delhi, India.
650 ## - SUBJECT ADDED ENTRY--TOPICAL TERM
Topical Term Geo-statistical modelling
650 ## - SUBJECT ADDED ENTRY--TOPICAL TERM
Topical Term GIS
650 ## - SUBJECT ADDED ENTRY--TOPICAL TERM
Topical Term Kriging
650 ## - SUBJECT ADDED ENTRY--TOPICAL TERM
Topical Term Natural rubber
650 ## - SUBJECT ADDED ENTRY--TOPICAL TERM
Topical Term RubSIS
650 ## - SUBJECT ADDED ENTRY--TOPICAL TERM
Topical Term Soil fertility
650 ## - SUBJECT ADDED ENTRY--TOPICAL TERM
Topical Term Spatial variability
700 ## - ADDED ENTRY--PERSONAL NAME
Personal name Anand S.S
700 ## - ADDED ENTRY--PERSONAL NAME
Personal name Jacob J
700 ## - ADDED ENTRY--PERSONAL NAME
Personal name Jessy M.D
942 ## - ADDED ENTRY ELEMENTS (KOHA)
Koha item type Bibliography STAF
Holdings
Withdrawn status Lost status Damaged status Not for loan Home library Current library Shelving location Date acquired Koha item type
      Bibliography RRII Library RRII Library Climate change 01/01/2021 Bibliography STAF